[Event "Coventry 4NCL op-B 16th"]
[Site "Coventry"]
[Date "2017.11.04"]
[Round "3"]
[White "Guha, Chirag"]
[Black "Quraishi, Shahab"]
[Result "1-0"]
[WhiteElo "1768"]
[BlackElo "1892"]
[PlyCount "65"]
[EventDate "2017.11.03"]
[EventType "swiss"]
[EventRounds "5"]
[EventCountry "ENG"]
[SourceTitle "CBM 181 Extra"]
[Source "ChessBase"]
[SourceDate "2017.12.12"]
[SourceVersion "1"]
[SourceVersionDate "2017.12.12"]
[SourceQuality "1"]

1. d4 d6 2. c4 g6 3. Nf3 Bg7 4. Nc3 Nd7 5. g3 e6 6. Bg2 Ne7 7. e4 0-0 8. 0-0 a6 9. Qc2 Rb8 10. a4 b6 11. Rd1 Qe8 12. b4 Bb7 13. Be3 h6 14. a5 bxa5 15. Rxa5 Nc6 16. Ra3 Nxb4 17. Qb2 Bc8 18. Rb3 Nc6 19. Rxb8 Ncxb8 20. d5 a5 21. Qa3 Na6 22. Qxa5 exd5 23. exd5 Ne5 24. Nxe5 Qxe5 25. Nb5 Qe7 26. Rb1 Bf5 27. Rc1 Ra8 28. c5 Bb2 29. Re1 Bd3 30. Bd4 Qd8 31. Bxb2 Nxc5 32. Qc3 f6 33. Nd4 1-0

[Event "Coventry 4NCL op-B 16th"]
[Site "Coventry"]
[Date "2017.11.03"]
[Round "1"]
[White "See, Tristian"]
[Black "Quraishi, Shahab"]
[Result "1/2-1/2"]
[WhiteElo "1683"]
[BlackElo "1892"]
[PlyCount "92"]
[EventDate "2017.11.03"]
[EventType "swiss"]
[EventRounds "5"]
[EventCountry "ENG"]
[SourceTitle "CBM 181 Extra"]
[Source "ChessBase"]
[SourceDate "2017.12.12"]
[SourceVersion "1"]
[SourceVersionDate "2017.12.12"]
[SourceQuality "1"]

1. e4 c5 2. Nf3 e6 3. d4 cxd4 4. Nxd4 a6 5. Nc3 Qc7 6. Be3 Nf6 7. a3 b5 8. Bd3 Bb7 9. 0-0 Nc6 10. h3 Rc8 11. Re1 Be7 12. Nxc6 Bxc6 13. Qf3 0-0 14. Rad1 d5 15. exd5 Nxd5 16. Nxd5 Bxd5 17. Qg4 f5 18. Qh5 g6 19. Qh6 Qb7 20. Bd4 Bf6 21. Bxf6 Rxf6 22. Qg5 Qg7 23. Re5 Rff8 24. Rde1 Rfe8 25. Qd2 Qc7 26. Qg5 Qg7 27. Qd2 Be4 28. Bxe4 Qxe5 29. Bc6 Qc7 30. Bxe8 Rxe8 31. c3 Kf7 32. Rd1 Re7 33. Qd4 e5 34. Qd5+ Kf6 35. h4 e4 36. Qd4+ Kf7 37. Qh8 Ke6 38. Qg8+ Rf7 39. Qa8 Qb6 40. Qe8+ Kf6 41. Qh8+ Ke6 42. Rd4 Qc7 43. g3 Rd7 44. Qg8+ Kf6 45. Qf8+ Ke6 46. Qe8+ Re7 1/2-1/2